[Event "Latin Cup 5th"]
[Site "Duran"]
[Date "2014.12.27"]
[Round "2"]
[White "Vera Siguenas, Deivy Anthoni"]
[Black "Munos, Rolando"]
[Result "1-0"]
[WhiteElo "2455"]
[BlackElo "2108"]
[PlyCount "64"]
[EventDate "2014.12.26"]
[EventType "swiss"]
[EventRounds "9"]
[EventCountry "ECU"]
[SourceTitle "CBM 164 Extra"]
[Source "ChessBase"]
[SourceDate "2015.03.02"]
[SourceVersion "1"]
[SourceVersionDate "2015.03.02"]
[SourceQuality "1"]

1. e4 e5 2. Nf3 d6 3. d4 Nf6 4. Nc3 Nbd7 5. Bc4 Be7 6. 0-0 0-0 7. Re1 c6 8. a4 b6 9. d5 Bb7 10. b3 cxd5 11. Nxd5 Nxd5 12. Bxd5 Bxd5 13. Qxd5 Nf6 14. Qd1 Qc7 15. Ba3 Rac8 16. c4 a6 17. Bb4 Rfd8 18. Qe2 Qb7 19. a5 Rd7 20. Nd2 Bd8 21. axb6 Bxb6 22. Bc3 Re7 23. Ra2 d5 24. exd5 Nxd5 25. cxd5 Rxc3 26. Qxa6 f6 27. Qxb7 Rxb7 28. Ra8+ Kf7 29. Ne4 Rbc7 30. Nxc3 Rxc3 31. Rb8 Rxb3 32. Rb7+ Kg6 1-0

[Event "Capablanca Memorial op-B 45th"]
[Site "Havana"]
[Date "2011.05.15"]
[Round "5"]
[White "Munos, Rolando"]
[Black "Vega Cordovilla, Maria Jose"]
[Result "1-0"]
[WhiteElo "2108"]
[BlackElo "1901"]
[PlyCount "60"]
[EventDate "2011.05.11"]
[EventType "swiss"]
[EventRounds "7"]
[EventCountry "CUB"]
[SourceTitle "CBM 142 Extra"]
[Source "ChessBase"]
[SourceDate "2011.06.27"]
[SourceVersion "1"]
[SourceVersionDate "2011.06.27"]
[SourceQuality "1"]

1. d4 g6 2. c4 Nf6 3. Nc3 Bg7 4. Nf3 d5 5. Bg5 c6 6. e3 0-0 7. Be2 dxc4 8. Bxc4 Nbd7 9. 0-0 h6 10. Bh4 Nb6 11. Bb3 Bf5 12. Qe2 Nbd5 13. Nxd5 cxd5 14. Bxf6 Bxf6 15. Qb5 Qb6 16. Qxb6 axb6 17. Bxd5 Ra5 18. Bxb7 Rb8 19. Bc6 Be6 20. a4 Rc8 21. Rfc1 Bb3 22. Rc3 Kg7 23. Nd2 Bxa4 24. Nc4 Bxc6 25. Nxa5 bxa5 26. Rac1 Rb8 27. Rxc6 Rxb2 28. Ra6 Ra2 29. g3 e6 30. Rc7 g5 1-0

[Event "Capablanca Memorial op-B 45th"]
[Site "Havana"]
[Date "2011.05.13"]
[Round "3"]
[White "Salgado Segui, Roberto"]
[Black "Munos, Rolando"]
[Result "1-0"]
[WhiteElo "2243"]
[BlackElo "2108"]
[PlyCount "97"]
[EventDate "2011.05.11"]
[EventType "swiss"]
[EventRounds "7"]
[EventCountry "CUB"]
[SourceTitle "CBM 142 Extra"]
[Source "ChessBase"]
[SourceDate "2011.06.27"]
[SourceVersion "1"]
[SourceVersionDate "2011.06.27"]
[SourceQuality "1"]

1. e4 c6 2. d4 d5 3. exd5 cxd5 4. c4 Nf6 5. Nc3 Nc6 6. Bf4 Bg4 7. f3 Be6 8. c5 g6 9. Bb5 Bg7 10. Nge2 0-0 11. Bxc6 bxc6 12. b4 Nh5 13. Be3 Qb8 14. Rb1 a6 15. 0-0 f5 16. Qd2 Bf7 17. Bh6 Bxh6 18. Qxh6 e5 19. dxe5 Qxe5 20. Qd2 Qc7 21. Nd4 Rfe8 22. Rfe1 Ng7 23. a4 Rxe1+ 24. Rxe1 a5 25. bxa5 Qxa5 26. Nxc6 Qxc5+ 27. Nd4 Ne6 28. Rd1 Be8 29. Qe3 Bd7 30. Rd3 Nc7 31. Nxf5 Qxe3+ 32. Nxe3 Bxa4 33. Nexd5 Nxd5 34. Rxd5 Kg7 35. Rc5 Ra7 36. Kf2 Bb3 37. Kg3 Rd7 38. h4 Bf7 39. Kf4 h6 40. g4 Rb7 41. Ne4 Ra7 42. Rc1 Rd7 43. g5 Ra7 44. Rd1 Rc7 45. Rd6 Ra7 46. Rf6 hxg5+ 47. hxg5 Bd5 48. Nd6 Rd7 49. Ne8+ 1-0